Institutionen und Reformen

Titel: Institutionen und Reformen / vorgelegt von Tim Walleyo
Verfasser:
Veröffentlicht: [2010]
Umfang: 1 Online-Ressource
Format: E-Book
Sprache: Deutsch
Hochschulschrift: Dissertation, Ruprecht-Karls-Universität Heidelberg, 2010
RVK-Notation:
Schlagworte:
Kein Bild verfügbar
X
alg: 22315653
001A    $06000:06-05-10 
001B    $06055:18-03-26 $t19:03:13.000 
001D    $06000:06-05-10 
001U    $0utf8 
001X    $00 
002@    $0Oaxaf 
002C    $aText $btxt $2rdacontent 
002D    $aComputermedien $bc $2rdamedia 
002E    $aOnline-Ressource $bcr $2rdacarrier 
003@    $0223156531 
003O    $0642914718 $aOCoLC 
004U    $0urn:nbn:de:bsz:16-opus-105634 $S0 
006G    $01001751051 
006U    $010,O04 $f20100421 
007A    $01001751051 $aDNB 
009Q    $qPDF $S0 $uhttp://archiv.ub.uni-heidelberg.de/volltextserver/volltexte/2010/10563/ $xH 
009Q    $S0 $uhttp://d-nb.info/1001751051/34 $xN 
009Q    $S0 $uhttp://nbn-resolving.de/urn:nbn:de:bsz:16-opus-105634 $xR 
010@    $ager 
011@    $a2010 $n[2010] 
013D    $RWissenschaftliche Literatur $#Dissertations, Academic $#Thèses et écrits académiques $#Hochschulschrift $74113937-9 $8Hochschulschrift [Tsz] $9085338818 
021A    $aInstitutionen und Reformen $hvorgelegt von Tim Walleyo 
028A    $BVerfasser $4aut $7140452214 $8Walleyo, Tim [Tp3] $9220449295 
034D    $a1 Online-Ressource 
037C    $dDissertation $eRuprecht-Karls-Universität Heidelberg $f2010 
044K    $D20251120 $Ecgmnf $77585920-8 $8Deutschland [Tg1]$aGesetz zu Reformen am Arbeitsmarkt [Tu1] $9191416363 
044K    $RReformpolitik $D20251120 $Ecgmnf $74342489-2 $8Große Reformen [Ts1] $9088167704 
044K    $RReformbewegung $RReformer $#Reform $#Reform $#Reform $#Reformen $D20251120 $Ecgmnf $74115716-3 $8Reform [Ts1] $9085350923 
044K    $RDemokratie $#Direct democracy $#Démocratie directe $#Direkte Demokratie $#direkte Demokratie $#Direkte Demokratie $#Unmittelbare Demokratie $D20251120 $Ecgmnf $74134792-4 $8Direkte Demokratie [Ts1] $9085494763 
044K    $RDemokratie $D20251120 $Ecgmnf $74280296-9 $8Plebiszitäre Demokratie [Ts1] $9086513192 
044K    $RDemokratie $RRepräsentation $#Representative government and representation $#Représentation politique $#repräsentative Demokratie $#Repräsentative Demokratie $D20251120 $Ecgmnf $74049535-8 $8Repräsentative Demokratie [Ts1] $9085138169 
045E    $c320 
045Z    $D20251120 $Ecgmnf $8MD 8150 [Tkv] $9410448516 

lok: 22315653 3
101B    $019-07-10 $t11:19:32.000 
101C    $019-07-10 
101U    $0utf8 
145S/01 $a007 

exp: 22315653 3 1 #EPN
201B/01 $023-11-10 $t08:58:44.000 
201U/01 $0utf8 
203@/01 $0592650650 
204U/01 $0urn:nbn:de:bsz:16-opus-105634 $S0 
208@/01 $a07-05-10 $bl 

lok: 22315653 5

exp: 22315653 5 1 #EPN
201B/01 $023-11-10 $t08:58:44.000 
201U/01 $0utf8 
203@/01 $0592650669 
204U/01 $0urn:nbn:de:bsz:16-opus-105634 $S0 
208@/01 $a07-05-10 $bl 

lok: 22315653 8

exp: 22315653 8 1 #EPN
201B/01 $023-11-10 $t08:58:44.000 
201U/01 $0utf8 
203@/01 $0592650677 
204U/01 $0urn:nbn:de:bsz:16-opus-105634 $S0 
208@/01 $a07-05-10 $bl 

lok: 22315653 10

exp: 22315653 10 1 #EPN
201B/01 $023-11-10 $t08:58:44.000 
201U/01 $0utf8 
203@/01 $0592650685 
204U/01 $0urn:nbn:de:bsz:16-opus-105634 $S0 
208@/01 $a07-05-10 $bl 

lok: 22315653 11

exp: 22315653 11 1 #EPN
201B/01 $023-11-10 $t08:58:45.000 
201U/01 $0utf8 
203@/01 $0592650693 
204U/01 $0urn:nbn:de:bsz:16-opus-105634 $S0 
208@/01 $a07-05-10 $bl 

lok: 22315653 20

exp: 22315653 20 1 #EPN
201B/01 $023-11-10 $t08:58:45.000 
201U/01 $0utf8 
203@/01 $0592650723 
204U/01 $0urn:nbn:de:bsz:16-opus-105634 $S0 
208@/01 $a07-05-10 $bl 

lok: 22315653 21

exp: 22315653 21 1 #EPN
201B/01 $023-11-10 $t08:58:45.000 
201U/01 $0utf8 
203@/01 $0592650731 
204U/01 $0urn:nbn:de:bsz:16-opus-105634 $S0 
208@/01 $a07-05-10 $bl 

lok: 22315653 23

exp: 22315653 23 1 #EPN
201B/01 $023-11-10 $t08:58:45.000 
201U/01 $0utf8 
203@/01 $059265074X 
204U/01 $0urn:nbn:de:bsz:16-opus-105634 $S0 
208@/01 $a07-05-10 $bl 

lok: 22315653 24

exp: 22315653 24 1 #EPN
201B/01 $023-11-10 $t08:58:45.000 
201U/01 $0utf8 
203@/01 $0592650758 
204U/01 $0urn:nbn:de:bsz:16-opus-105634 $S0 
208@/01 $a07-05-10 $bl 

lok: 22315653 25

exp: 22315653 25 1 #EPN
201B/01 $023-11-10 $t08:58:45.000 
201U/01 $0utf8 
203@/01 $0592650766 
204U/01 $0urn:nbn:de:bsz:16-opus-105634 $S0 
208@/01 $a07-05-10 $bl 

lok: 22315653 36

exp: 22315653 36 1 #EPN
201B/01 $008-01-25 $t23:49:03.031 
201C/01 $008-01-25 
201U/01 $0utf8 
203@/01 $01288248199 
204U/01 $0urn:nbn:de:bsz:16-opus-105634 $S0 
208@/01 $a08-01-25 $bl 

lok: 22315653 49

exp: 22315653 49 1 #EPN
201B/01 $007-02-20 $t17:08:10.489 
201C/01 $007-02-20 
201U/01 $0utf8 
203@/01 $01080871292 
204U/01 $0urn:nbn:de:bsz:16-opus-105634 $S0 
208@/01 $a07-02-20 $bl 

lok: 22315653 54

exp: 22315653 54 1 #EPN
201B/01 $007-02-20 $t17:08:10.501 
201C/01 $007-02-20 
201U/01 $0utf8 
203@/01 $01080871306 
204U/01 $0urn:nbn:de:bsz:16-opus-105634 $S0 
208@/01 $a07-02-20 $bl 

lok: 22315653 108

exp: 22315653 108 1 #EPN
201B/01 $007-02-20 $t17:08:10.525 
201C/01 $007-02-20 
201U/01 $0utf8 
203@/01 $01080871322 
204U/01 $0urn:nbn:de:bsz:16-opus-105634 $S0 
208@/01 $a07-02-20 $bl 

lok: 22315653 204

exp: 22315653 204 1 #EPN
201B/01 $023-11-10 $t08:58:46.000 
201U/01 $0utf8 
203@/01 $0592650804 
204U/01 $0urn:nbn:de:bsz:16-opus-105634 $S0 
208@/01 $a07-05-10 $bl 

lok: 22315653 205

exp: 22315653 205 1 #EPN
201B/01 $023-11-10 $t08:58:46.000 
201U/01 $0utf8 
203@/01 $0592650812 
204U/01 $0urn:nbn:de:bsz:16-opus-105634 $S0 
208@/01 $a07-05-10 $bl
LEADER 00000cam a22000002c 4500
001 223156531
003 DE-603
005 20260318190313.0
007 cr||||||||||||
008 100506s2010 xx |||| om u00||u|ger
015 |a 10,O04  |2 dnb 
016 7 |2 DE-101  |a 1001751051 
024 7 |a urn:nbn:de:bsz:16-opus-105634  |2 urn 
035 |a (DE-599)DNB1001751051 
035 |a (OCoLC)642914718 
040 |a DE-603  |b ger  |c DE-603  |d DE-603 
041 |a ger 
084 |a 320  |q DE-101  |2 sdnb 
084 |a MD 8150  |0 (DE-625)122551:  |0 (DE-603)410448516  |2 rvk 
100 1 |a Walleyo, Tim  |e Verfasser  |4 aut  |0 (DE-603)220449295  |0 (DE-588)140452214  |2 gnd 
245 0 0 |a Institutionen und Reformen  |c vorgelegt von Tim Walleyo 
264 0 |c [2010] 
300 |a 1 Online-Ressource 
336 |a Text  |b txt  |2 rdacontent 
337 |a Computermedien  |b c  |2 rdamedia 
338 |a Online-Ressource  |b cr  |2 rdacarrier 
502 |b Dissertation  |c Ruprecht-Karls-Universität Heidelberg  |d 2010 
610 1 7 |a Deutschland  |t Gesetz zu Reformen am Arbeitsmarkt  |2 gnd  |0 (DE-588)7585920-8  |0 (DE-603)191416363 
650 7 |a Große Reformen  |0 (DE-588)4342489-2  |0 (DE-603)088167704  |2 gnd 
650 7 |a Reform  |0 (DE-588)4115716-3  |0 (DE-603)085350923  |2 gnd 
650 7 |a Direkte Demokratie  |0 (DE-588)4134792-4  |0 (DE-603)085494763  |2 gnd 
650 7 |a Plebiszitäre Demokratie  |0 (DE-588)4280296-9  |0 (DE-603)086513192  |2 gnd 
650 7 |a Repräsentative Demokratie  |0 (DE-588)4049535-8  |0 (DE-603)085138169  |2 gnd 
655 7 |a Hochschulschrift  |2 gnd-content  |0 (DE-588)4113937-9  |0 (DE-603)085338818 
856 |q PDF  |u http://archiv.ub.uni-heidelberg.de/volltextserver/volltexte/2010/10563/  |x Verlag  |z kostenfrei 
856 |u http://d-nb.info/1001751051/34  |x Langzeitarchivierung Nationalbibliothek  |z kostenfrei 
856 |u http://nbn-resolving.de/urn:nbn:de:bsz:16-opus-105634  |x Resolving-System  |z kostenfrei 
924 1 |9 603  |a (DE-603)592650650  |b DE-603  |c HES  |d d 
924 1 |9 603  |a (DE-603)592650669  |b DE-603  |c HES  |d d 
924 1 |9 603  |a (DE-603)592650677  |b DE-603  |c HES  |d d 
924 1 |9 603  |a (DE-603)592650685  |b DE-603  |c HES  |d d 
924 1 |9 603  |a (DE-603)592650693  |b DE-603  |c HES  |d d 
924 1 |9 603  |a (DE-603)592650723  |b DE-603  |c HES  |d d 
924 1 |9 603  |a (DE-603)592650731  |b DE-603  |c HES  |d d 
924 1 |9 603  |a (DE-603)59265074X  |b DE-603  |c HES  |d d 
924 1 |9 603  |a (DE-603)592650758  |b DE-603  |c HES  |d d 
924 1 |9 603  |a (DE-603)592650766  |b DE-603  |c HES  |d d 
924 1 |9 603  |a (DE-603)1288248199  |b DE-603  |c HES  |d d 
924 1 |9 603  |a (DE-603)1080871292  |b DE-603  |c HES  |d d 
924 1 |9 603  |a (DE-603)1080871306  |b DE-603  |c HES  |d d 
924 1 |9 603  |a (DE-603)1080871322  |b DE-603  |c HES  |d d 
924 1 |9 603  |a (DE-603)592650804  |b DE-603  |c HES  |d d 
924 1 |9 603  |a (DE-603)592650812  |b DE-603  |c HES  |d d